| 000 | 00603cam a2200217ua 4500 | ||
|---|---|---|---|
| 020 | _a0-582-00247-8 | ||
| 041 |
_aeng _h |
||
| 082 |
_a547 _bFUR/TE |
||
| 100 | _aFurniss, B S. | ||
| 245 |
_aText book of practical organic chemistry including quantitative organic analysis / _cB S Furniss. _hTextual Documents |
||
| 250 |
_a4 / _b. |
||
| 260 |
_aLondon : _bEnglish Language Book Society , _c1987. |
||
| 300 | _a1371 ; . | ||
| 504 | _a | ||
| 700 | 1 | _aHannaford, A J . | |
| 700 | 1 | _aRogers, V . | |
| 700 | 1 | _aSmith, P W G . | |
| 700 | 1 | _aTatchell, A R . | |
| 942 | _cBK | ||
| 999 |
_c7543 _d7543 |
||